000 00645cam a22002053a 4500
001 35347
003 PGUSA
005 20140828083748.0
008 110221s2011||||xxu|||||s|||||000 | eng d
040 _aPGUSA
_beng
042 _adc
100 1 _aJames, George Wharton,
_d1858-1923
245 1 0 _aGrand Canyon of Arizona; how to see it
_h[electronic resource] /
_cGeorge Wharton James
260 _bProject Gutenberg,
_c2011
506 _aCopyrighted. Read the copyright notice inside this book for details.
516 _aElectronic text
830 0 _aProject Gutenberg
_v35347
856 4 0 _uhttp://www.gutenberg.org/ebooks/35347
942 _cEB
999 _c264602
_d264602